00826nam a2200229 i 450000100060000000300090000600500170001500700030003200800410003508000150007610000290009124501420012026001060026230000210036849000110038970000410040070000390044171000320048071000510051283000110056385200220057437457ES-MaACL20251014063104.0t|030221s1985 sp ||||1| spa d a860-24"19"1 aCabal, Fermín, d1948-14aLas malandanzas de D. Juan Martín / cFermín Cabal ; [prólogo de Enrique Tierno Galván ; introducción de Eduardo Haro Tecglen]. aMadrid : bFundación Banco Exterior : bAyuntamiento, Junta Municipal del Distrito Centro, c[1985] a91 p. ; c20 cm.1 aTeatro1 aTierno Galván, Enrique,d1918-19861 aHaro Tecglen, Eduardo, d1924-20052 aFundación Banco Exterior.1 aMadrid. bJunta Municipal del Distrito Centro.1 aTeatro4 aES-MaACLjL-12818